| 000 | 00836nam a22002777a 4500 | ||
|---|---|---|---|
| 001 | |||
| 003 | DO-SdBNP | ||
| 005 | 20221107093931.0 | ||
| 008 | 880201s1988 sp spa | ||
| 020 | _a8432090948 | ||
| 040 |
_aBPMSU _bspa _cBPMSU |
||
| 082 | 4 |
_a813.4 _bT969u 1988 _222 |
|
| 100 | 1 |
_aTwain, Mark _d1835-1910 |
|
| 245 | 1 | 3 |
_aUn yanqui en la corte del rey Arturo / _cMark Twain ; traducción, Pedro Elías |
| 250 | _a2a. ed. | ||
| 260 | 1 |
_aBarcelona: _bPlaneta, _c1998 |
|
| 300 |
_a307 p.: _c20 cm. |
||
| 490 | 0 | _aBiblioteca mundial de grandes aventuras | |
| 534 |
_aTítulo original : _tConnecticut yankee in King Arthur's court |
||
| 590 | _6Inventariado, 2022/VM | ||
| 650 | 4 | _aNovela estadounidense | |
| 650 | 4 |
_aReyes y soberanos _vNovela |
|
| 700 | 1 |
_aElías, P. _4tr. |
|
| 910 | _aVMateo V./Valentina | ||
| 942 |
_2ddc _cBK |
||
| 999 |
_c8788 _d8788 |
||